[Event "Champions Rapid"]
[Site "Zürich"]
[Date "2009.08.23"]
[Round "2"]
[White "Anand, Viswanathan"]
[Black "Karpov, Anatoly"]
[Result "1-0"]
[WhiteElo "2788"]
[BlackElo "2644"]
[PlyCount "45"]
[EventDate "2009.??.??"]
[EventCountry "SUI"]

1. e4 e5 2. Nf3 Nc6 3. Bb5 Nf6 4. O-O Nxe4 5. d4 Nd6 6. Bxc6 dxc6 7. dxe5 Nf5
8. Qxd8+ Kxd8 9. Rd1+ Ke8 10. Re1 Ne7 11. h3 b6 12. Nc3 Ba6 13. e6 fxe6 14. Bf4
Nd5 15. Nxd5 cxd5 16. Bxc7 Rc8 17. Be5 Kd7 18. g4 h5 19. a4 hxg4 20. hxg4 Bb7
21. c3 Bd6 22. Bd4 Rh6 23. Kg2 1-0

[Event "Champions Rapid"]
[Site "Zürich"]
[Date "2009.08.23"]
[Round "2"]
[White "Topalov, Veselin"]
[Black "Hug, Werner"]
[Result "1/2-1/2"]
[WhiteElo "2813"]
[BlackElo "2453"]
[PlyCount "29"]
[EventDate "2009.??.??"]
[EventCountry "SUI"]

1. Nf3 Nf6 2. c4 d6 3. Nc3 g6 4. d4 Bg7 5. g3 O-O 6. Bg2 c6 7. O-O Bf5 8. Ne1
Be6 9. d5 Bd7 10. h3 Na6 11. Nd3 Qa5 12. a3 Rfc8 13. Kh2 h5 14. Bd2 Qd8 15. Rc1
1/2-1/2